[Event "Goch op 19th"]
[Site "Goch"]
[Date "2008.10.12"]
[Round "7"]
[White "Autiero, Giovanni"]
[Black "Rettenbacher, Stefan"]
[Result "0-1"]
[WhiteElo "1686"]
[BlackElo "2129"]
[PlyCount "62"]
[EventDate "2008.10.09"]
[EventType "swiss"]
[EventRounds "7"]
[EventCountry "GER"]
[SourceTitle "EXT 2011"]
[Source "ChessBase"]
[SourceDate "2010.11.26"]
[SourceVersion "1"]
[SourceVersionDate "2010.11.26"]
[SourceQuality "1"]

1. d4 Nf6 2. g3 g6 3. Bg2 Bg7 4. Nf3 0-0 5. 0-0 d5 6. Re1 c5 7. c3 cxd4 8. cxd4 Nc6 9. Nc3 Ne4 10. e3 e6 11. Nxe4 dxe4 12. Nd2 f5 13. a3 e5 14. dxe5 Nxe5 15. Qb3+ Kh8 16. Bf1 Qe7 17. Kg2 Be6 18. Qa4 a6 19. f4 exf3+ 20. Nxf3 Bd5 21. Be2 b5 22. Qb4 Qb7 23. Rf1 Be4 24. h4 Rfd8 25. a4 Rac8 26. axb5 Rc2 27. Qa4 Bxf3+ 28. Kg1 Rf8 29. bxa6 Qa8 30. Bd2 Bxe2 31. Bc3 Bxf1 0-1

[Event "Goch op 19th"]
[Site "Goch"]
[Date "2008.10.10"]
[Round "2"]
[White "Welzel, Philipp"]
[Black "Autiero, Giovanni"]
[Result "1-0"]
[WhiteElo "1993"]
[BlackElo "1686"]
[PlyCount "123"]
[EventDate "2008.10.09"]
[EventType "swiss"]
[EventRounds "7"]
[EventCountry "GER"]
[SourceTitle "EXT 2011"]
[Source "ChessBase"]
[SourceDate "2010.11.26"]
[SourceVersion "1"]
[SourceVersionDate "2010.11.26"]
[SourceQuality "1"]

1. d4 d5 2. c4 c6 3. Nf3 g6 4. Nc3 Bg7 5. cxd5 cxd5 6. Bf4 Nf6 7. e3 a6 8. Bd3 Nc6 9. 0-0 0-0 10. Rc1 Re8 11. Ne5 Nh5 12. Nxc6 bxc6 13. Bg5 Bd7 14. Na4 Qc7 15. Nc5 Bc8 16. Be2 Nf6 17. Bf4 Qa5 18. Qa4 Qb6 19. Qb3 Qxb3 20. Nxb3 Ne4 21. Rxc6 e5 22. Bxe5 Bxe5 23. dxe5 Rxe5 24. Rfc1 Re8 25. Bf3 Be6 26. Nd4 Nd2 27. b3 Nxf3+ 28. Nxf3 Rac8 29. Rxc8 Rxc8 30. Rxc8+ Bxc8 31. Kf1 Kf8 32. Ke2 Ke7 33. Kd3 f6 34. Kd4 Kd6 35. b4 Bd7 36. Ne1 Bb5 37. Nd3 Bd7 38. Nc5 Bc8 39. a4 Kc6 40. f3 h6 41. h4 h5 42. f4 f5 43. g3 Kd6 44. Nd3 Bd7 45. Ne5 Be6 46. b5 axb5 47. axb5 Bc8 48. b6 Bb7 49. Nxg6 Kc6 50. Ne7+ Kxb6 51. Nxd5+ Kc6 52. Ke5 Kd7 53. Nf6+ Ke7 54. Nxh5 Bc8 55. Ng7 Kf7 56. Nxf5 Kf8 57. Kf6 Ba6 58. e4 Bb5 59. e5 Kg8 60. e6 Kf8 61. e7+ Kg8 62. Nd6 1-0

[Event "Duesseldorf-ch"]
[Site "Duesseldorf"]
[Date "2006.08.24"]
[Round "1"]
[White "Von Buenau, Heinrich"]
[Black "Autiero, Giovanni"]
[Result "1-0"]
[WhiteElo "2107"]
[BlackElo "1730"]
[PlyCount "101"]
[EventDate "2006.08.24"]
[EventType "swiss"]
[EventRounds "7"]
[EventCountry "GER"]
[SourceTitle "EXT 2008"]
[Source "ChessBase"]
[SourceDate "2007.11.25"]
[SourceVersion "1"]
[SourceVersionDate "2007.11.25"]
[SourceQuality "1"]

1. c4 e5 2. Nc3 Nf6 3. g3 d5 4. cxd5 Nxd5 5. Bg2 c6 6. Nxd5 cxd5 7. Qb3 e4 8. d3 f5 9. Nh3 Be7 10. Nf4 0-0 11. dxe4 fxe4 12. Qxd5+ Qxd5 13. Nxd5 Bd6 14. 0-0 Bf5 15. Bd2 Nc6 16. Bc3 Rae8 17. Ne3 Bg6 18. Rfd1 Rd8 19. Rd2 Bc5 20. Rxd8 Rxd8 21. Nc2 a5 22. a3 b5 23. b4 axb4 24. axb4 Bd4 25. Nxd4 Nxd4 26. Ra2 Nb3 27. Bh3 Bf7 28. Ra7 h5 29. Bd7 Bc4 30. Kg2 Nc1 31. e3 Nd3 32. Bf5 Re8 33. Rxg7+ Kf8 34. Rh7 Bf7 35. Rh8+ Ke7 36. Rxe8+ Kxe8 37. Bxe4 Bc4 38. Bg6+ Ke7 39. Bxh5 Bd5+ 40. Bf3 Bc4 41. h4 Ke6 42. h5 Kf5 43. g4+ Kg5 44. Kg3 Be6 45. Be2 Bc4 46. Bg7 Nxf2 47. Kxf2 Be6 48. h6 Bg8 49. Bd3 Kxg4 50. h7 Bxh7 51. Bxh7 1-0

[Event "Duisburg Grossenbaum op"]
[Site "Duisburg"]
[Date "2006.07.02"]
[Round "6"]
[White "Voss, Andreas"]
[Black "Autiero, Giovanni"]
[Result "1-0"]
[WhiteElo "2007"]
[BlackElo "1740"]
[PlyCount "97"]
[EventDate "2006.06.02"]
[EventType "swiss"]
[EventRounds "7"]
[EventCountry "GER"]
[SourceTitle "EXT 2007"]
[Source "ChessBase"]
[SourceDate "2006.11.23"]
[SourceVersion "1"]
[SourceVersionDate "2006.11.23"]
[SourceQuality "1"]

1. e4 e6 2. d3 c6 3. Nf3 d5 4. Nbd2 Nf6 5. g3 Be7 6. Bg2 h6 7. 0-0 0-0 8. e5 Nh7 9. h4 Nd7 10. Re1 c5 11. Nf1 b5 12. Ne3 Rb8 13. a4 a6 14. axb5 axb5 15. b3 Bb7 16. Ng4 Kh8 17. c4 bxc4 18. bxc4 Nb6 19. Ne3 f5 20. exf6 Bxf6 21. Rb1 Bc6 22. Bb2 Na4 23. Bxf6 Nxf6 24. Ne5 Be8 25. Qc2 d4 26. Nf1 Nc3 27. Rb2 Rxb2 28. Qxb2 Bh5 29. Nh2 Nd7 30. Nhf3 Nxe5 31. Nxe5 Qc7 32. Qd2 Rf5 33. f4 Be8 34. Bh3 Rf6 35. Ng4 Bd7 36. Nxf6 gxf6 37. Bxe6 Bc6 38. Bh3 Qg7 39. Kh2 Qb7 40. Bg2 Kg7 41. Bxc6 Qxc6 42. Qg2 Qxg2+ 43. Kxg2 Na2 44. Kf3 Nb4 45. Ke4 f5+ 46. Kxf5 Nxd3 47. Re7+ Kf8 48. Kf6 Nb2 49. Rb7 1-0

[Event "Duisburg Grossenbaum op"]
[Site "Duisburg"]
[Date "2006.06.03"]
[Round "2"]
[White "Fichtner, Jacob"]
[Black "Autiero, Giovanni"]
[Result "0-1"]
[WhiteElo "1281"]
[BlackElo "1740"]
[PlyCount "46"]
[EventDate "2006.06.02"]
[EventType "swiss"]
[EventRounds "7"]
[EventCountry "GER"]
[SourceTitle "EXT 2007"]
[Source "ChessBase"]
[SourceDate "2006.11.23"]
[SourceVersion "1"]
[SourceVersionDate "2006.11.23"]
[SourceQuality "1"]

1. e4 e6 2. Nf3 d5 3. exd5 exd5 4. d4 Nf6 5. Bb5+ c6 6. Bd3 Bd6 7. Nc3 0-0 8. Qe2 Re8 9. Be3 c5 10. Nb5 c4 11. Bxh7+ Nxh7 12. 0-0-0 Bf4 13. h4 Bg4 14. g3 Bxe3+ 15. fxe3 Qd7 16. Nc3 Nc6 17. Qf2 Re6 18. Rdf1 Rae8 19. Ng5 Rf6 20. Qh2 Rxf1+ 21. Rxf1 Nxg5 22. hxg5 Bh3 23. Nxd5 Qxd5 0-1

[Event "Goch op 13th"]
[Site "Goch"]
[Date "2002.10.03"]
[Round "1"]
[White "Meiser, Markus"]
[Black "Autiero, Giovanni"]
[Result "1-0"]
[WhiteElo "2205"]
[BlackElo "1773"]
[PlyCount "55"]
[EventDate "2002.10.03"]
[EventType "swiss"]
[EventRounds "7"]
[EventCountry "GER"]
[SourceTitle "EXT 2004"]
[Source "ChessBase"]
[SourceDate "2003.11.25"]
[SourceVersion "1"]
[SourceVersionDate "2003.11.25"]
[SourceQuality "1"]

1. d4 g6 2. c4 Bg7 3. Nc3 Nf6 4. e4 0-0 5. Be3 d6 6. f3 c6 7. Bd3 e5 8. d5 c5 9. Nge2 Kh8 10. Qd2 Ng8 11. 0-0-0 f5 12. f4 Na6 13. h3 Qa5 14. a3 Bd7 15. g4 fxg4 16. f5 gxf5 17. exf5 Bxf5 18. hxg4 e4 19. Bc2 Bg6 20. Nf4 Rxf4 21. Bxf4 Re8 22. Rde1 Qc7 23. Nxe4 Bxe4 24. Bxe4 Nf6 25. Bxh7 Rxe1+ 26. Qxe1 Qd8 27. Bg6+ Kg8 28. Qe6+ 1-0

[Event "Goch op 09th"]
[Site "Goch"]
[Date "1998.10.16"]
[Round "3"]
[White "Autiero, Giovanni"]
[Black "Ydo, Pim"]
[Result "1/2-1/2"]
[WhiteElo "1658"]
[BlackElo "2115"]
[PlyCount "57"]
[EventDate "1998.10.15"]
[EventType "swiss"]
[EventRounds "7"]
[EventCountry "GER"]
[SourceTitle "EXT 2002"]
[Source "ChessBase"]
[SourceDate "2001.11.25"]
[SourceVersion "1"]
[SourceVersionDate "2001.11.25"]
[SourceQuality "1"]

1. e4 c6 2. d4 d5 3. e5 c5 4. c3 Nc6 5. Bb5 e6 6. Ne2 Bd7 7. Ba4 Qb6 8. 0-0 h5 9. Bxc6 Qxc6 10. dxc5 Bxc5 11. b4 Be7 12. Be3 Qc7 13. Bd4 Nh6 14. Re1 Nf5 15. Nd2 a5 16. a3 g6 17. Nb3 axb4 18. axb4 0-0 19. Qd2 Kg7 20. Ng3 Nxd4 21. Qxd4 Rfb8 22. Nc5 Bc8 23. f4 h4 24. Nf1 Rxa1 25. Rxa1 Qb6 26. Nd2 Qb5 27. Ndb3 Bd8 28. Qd3 Qb6 29. Kf2 1/2-1/2